00968nam a2200229 i 4500001000400000100001800004245003900022260003900061300003500100490009800135505004400233650005300277650005100330651003700381651004500418830009900463020002100562040000800583041000800591008004100599856009800640bgj1 aBROOMAN, Josh10aA changing nation /cJosh Brooman. aHarlow, England :bLongman,c1994. a40 pp :bfig., phot. ;c28 cm.1 aThe Longman history project / Josh Brooman, gen. ed.. Britain in the 20th [twentieth] century aNumerous textual and pictorial sources. 9aMinoritiesxHistoryzGreat Britainy20th century 9aEqualityxHistoryzGreat Britainy20th century 9aGreat BritainxEthnic realations 9aIreland, NorthernxHistoryy20th century 0aThe Longman history project (Josh Brooman, gen. ed.).pBritain in the 20th [twentieth] century a058224594X (pbk) cBPK0 aeng s uk f |000 0 eng  uhttp://koha.tu.koszalin.pl/cgi-bin/koha/opac-detail.pl?biblionumber=50131yKatalog online BPK